[Event "GER-chT U14"]
[Site "Lingen"]
[Date "2011.12.27"]
[Round "2.3"]
[White "Zimmermeier, Gregor"]
[Black "Knorre, Jonas"]
[Result "0-1"]
[WhiteElo "877"]
[BlackElo "1728"]
[PlyCount "56"]
[EventDate "2011.12.27"]
[EventType "team-swiss"]
[EventRounds "7"]
[EventCountry "GER"]
[SourceTitle "EXT 2022"]
[Source "ChessBase"]
[SourceDate "2021.10.06"]
[SourceVersion "1"]
[SourceVersionDate "2021.10.06"]
[SourceQuality "1"]
[WhiteTeam "Schwarzenbach Caissa U14"]
[BlackTeam "Erfurt Medizin U14"]
[WhiteTeamCountry "GER"]
[BlackTeamCountry "GER"]

1. e4 c5 2. Nc3 Nc6 3. Nf3 g6 4. Bc4 Bg7 5. 0-0 e6 6. d3 Nge7 7. Be3 Nd4 8. Rb1 0-0 9. Nb5 d5 10. Bxd4 cxd4 11. Bb3 Nc6 12. c3 dxc3 13. Nxc3 dxe4 14. dxe4 b6 15. Ba4 Bb7 16. h3 Qe7 17. Qd2 Rfd8 18. Qc2 a6 19. a3 b5 20. Bb3 Rac8 21. Rfe1 Nd4 22. Nxd4 Bxd4 23. Rbc1 Qf6 24. Re2 a5 25. Qd2 Bxc3 26. bxc3 Rxd2 27. Rxd2 Rxc3 28. Rxc3 Qxc3 0-1

[Event "GER-chT Schools WK II"]
[Site "Verden an der Aller"]
[Date "2011.05.14"]
[Round "3.3"]
[White "Stoevesand, Peter"]
[Black "Knorre, Jonas"]
[Result "0-1"]
[WhiteElo "1563"]
[BlackElo "1723"]
[PlyCount "70"]
[EventDate "2011.05.14"]
[EventType "team-swiss"]
[EventRounds "7"]
[EventCountry "GER"]
[SourceTitle "EXT 2022"]
[Source "ChessBase"]
[SourceDate "2021.10.06"]
[SourceVersion "1"]
[SourceVersionDate "2021.10.06"]
[SourceQuality "1"]
[WhiteTeam "Neubrandenburg Einstein Gymn U17"]
[BlackTeam "Erfurt Edith Stein Schule U17"]
[WhiteTeamCountry "GER"]
[BlackTeamCountry "GER"]

1. e4 c5 2. Nf3 Nc6 3. d4 cxd4 4. Nxd4 g6 5. Nc3 Bg7 6. Be3 Nf6 7. Bc4 Qa5 8. 0-0 Qb4 9. Bb3 Nxe4 10. Nxe4 Nxd4 11. Bxd4 Qxd4 12. Qf3 0-0 13. c3 Qb6 14. Rfe1 e6 15. Rad1 d5 16. Ng3 Qc7 17. h4 b5 18. h5 Bb7 19. hxg6 hxg6 20. Qg4 Qd8 21. Bc2 Qf6 22. Rd3 Bh8 23. Rf3 Qg7 24. Ne2 d4 25. Rg3 dxc3 26. Nxc3 a6 27. Bb3 Rad8 28. Rxe6 Bc8 29. Qe4 Bxe6 30. Bxe6 Rd4 31. Qc6 fxe6 32. Qxe6+ Qf7 33. Qxa6 Qxf2+ 34. Kh2 Rh4+ 35. Rh3 Be5+ 0-1

[Event "GER-chT Schools WK II"]
[Site "Verden an der Aller"]
[Date "2011.05.14"]
[Round "1.3"]
[White "Traulsen, Timo"]
[Black "Knorre, Jonas"]
[Result "1-0"]
[WhiteElo "1706"]
[BlackElo "1723"]
[PlyCount "55"]
[EventDate "2011.05.14"]
[EventType "team-swiss"]
[EventRounds "7"]
[EventCountry "GER"]
[SourceTitle "EXT 2022"]
[Source "ChessBase"]
[SourceDate "2021.10.06"]
[SourceVersion "1"]
[SourceVersionDate "2021.10.06"]
[SourceQuality "1"]
[WhiteTeam "Hannover Humboldtschule U17"]
[BlackTeam "Erfurt Edith Stein Schule U17"]
[WhiteTeamCountry "GER"]
[BlackTeamCountry "GER"]

1. c4 Nf6 2. Nc3 g6 3. g3 Bg7 4. Bg2 0-0 5. Nf3 d6 6. 0-0 e5 7. d4 Nfd7 8. dxe5 Nxe5 9. Nxe5 Bxe5 10. Qb3 Nc6 11. Bh6 Bg7 12. Bxg7 Kxg7 13. Rfd1 Na5 14. Qa4 c5 15. Ne4 Bd7 16. Qc2 Nc6 17. Qc3+ f6 18. Rxd6 Nd4 19. Qd2 Qe7 20. e3 f5 21. exd4 fxe4 22. dxc5 Bc6 23. Qd4+ Kg8 24. Re1 Rad8 25. Bxe4 Rxd6 26. cxd6 Qd7 27. Bxc6 bxc6 28. Re7 1-0

[Event "GER-ch U12"]
[Site "Oberhof"]
[Date "2010.05.28"]
[Round "10"]
[White "Gheng, Christian"]
[Black "Knorre, Jonas"]
[Result "0-1"]
[WhiteElo "1574"]
[BlackElo "1733"]
[PlyCount "121"]
[EventDate "2010.05.22"]
[EventType "swiss"]
[EventRounds "11"]
[EventCountry "GER"]
[SourceTitle "CBM 136 Extra"]
[Source "ChessBase"]
[SourceDate "2010.07.02"]
[SourceVersion "2"]
[SourceVersionDate "2010.07.15"]
[SourceQuality "1"]

1. e4 c5 2. Nf3 Nc6 3. d4 cxd4 4. Nxd4 g6 5. Nc3 Bg7 6. Be3 Nf6 7. Bc4 Qa5 8. 0-0 0-0 9. Bb3 d6 10. h3 Bd7 11. Re1 Nxd4 12. Bxd4 Bc6 13. Nd5 Bxd5 14. exd5 Rfe8 15. Bc3 Qc7 16. Re3 Bh6 17. Re1 Bg7 18. Qe2 a6 19. a4 Nd7 20. Bxg7 Kxg7 21. Rad1 Nc5 22. Qf3 Rac8 23. Qc3+ Kg8 24. Re2 Qb6 25. Qd4 Qa5 26. Rde1 Nxb3 27. cxb3 Rc7 28. Qh4 Qxd5 29. Rxe7 Rexe7 30. Rxe7 Rxe7 31. Qxe7 Qxb3 32. Qxd6 Qxb2 33. Qd8+ Kg7 34. Qa5 Qc1+ 35. Kh2 Qf4+ 36. Kg1 Qf5 37. Qb6 Qd7 38. Qb2+ Kg8 39. Qb4 b5 40. a5 Qd1+ 41. Kh2 Qa4 42. Qc3 Qc4 43. Qe3 Qc7+ 44. g3 Qxa5 45. Qe8+ Kg7 46. Qe5+ Kf8 47. Qh8+ Ke7 48. Qxh7 Qa1 49. Qh4+ Qf6 50. Qb4+ Ke8 51. Qe4+ Kf8 52. Qb4+ Kg7 53. Kg2 Qc6+ 54. Kg1 Qc4 55. Qb2+ Kg8 56. h4 b4 57. Qd2 b3 58. h5 Qe6 59. h6 Qf6 60. Qe1 b2 61. Qe8+ 0-1

[Event "GER-chT U12"]
[Site "Arendsee"]
[Date "2009.12.30"]
[Round "7.1"]
[White "Kieslich, Aaron"]
[Black "Knorre, Jonas"]
[Result "1/2-1/2"]
[WhiteElo "1700"]
[BlackElo "1313"]
[PlyCount "97"]
[EventDate "2009.12.27"]
[EventType "team-swiss"]
[EventRounds "7"]
[EventCountry "GER"]
[SourceTitle "EXT 2022"]
[Source "ChessBase"]
[SourceDate "2021.10.06"]
[SourceVersion "1"]
[SourceVersionDate "2021.10.06"]
[SourceQuality "1"]
[WhiteTeam "Coswig TuS U12"]
[BlackTeam "Erfurt Medizin U12"]
[WhiteTeamCountry "GER"]
[BlackTeamCountry "GER"]

1. e4 c5 2. Nf3 Nc6 3. d4 cxd4 4. Nxd4 g6 5. Nc3 Bg7 6. Be3 Nf6 7. Bc4 Qa5 8. f3 Qb4 9. Bb3 0-0 10. Qd2 d6 11. a3 Qa5 12. 0-0-0 Re8 13. Kb1 Bd7 14. h4 Ne5 15. g4 b5 16. Bg5 Nc4 17. Bxc4 bxc4 18. Bxf6 Bxf6 19. Nd5 Qxd2 20. Nxf6+ Kg7 21. Rxd2 Kxf6 22. Ne2 Kg7 23. Nc3 Be6 24. Nd5 Bxd5 25. Rxd5 Rab8 26. Rhd1 Rb7 27. Ka2 Reb8 28. Rb1 f6 29. b4 cxb3+ 30. Rxb3 Kf7 31. Kb2 Ke6 32. f4 Kd7 33. f5 e6 34. fxe6+ Kxe6 35. Rxb7 Rxb7+ 36. Kc3 Rc7+ 37. Kd3 h6 38. Ra5 Rd7 39. Kd4 Rc7 40. c4 Rd7 41. Rb5 Rc7 42. Rb8 Rc5 43. Rh8 h5 44. gxh5 gxh5 45. Rh7 a5 46. a4 Re5 47. Rb7 f5 48. exf5+ Rxf5 49. Ke3 1/2-1/2